Capitali e Iniziali degli Stati - Quiz n°6 - Statistics

Statistiche generali
  • Questo quiz è stato fatto 9 volte
  • Il punteggio medio è 6 su 10
Statistiche sulle risposte
Hint Risposta % Corretto
Tokyo G
100%
San José C
80%
Roseau D
80%
Nuova Delhi I
80%
Suva F
60%
Biškek K
60%
Dušanbe T
60%
Praia C
20%
Lilongwe M
20%
Giuba S
20%
Nessun quiz corrispondente trovato
Distribuzione punteggi
Percentuale di utenti per punteggio
Percentile per numero di risposta
I tuoi punteggi nel tempo
Non hai fatto questo quiz